书目信息 |
| 题名: |
楼宇智能化工程造价与施工管理
|
|
| 作者: | 刘渊 , 颜凌云 主编 | |
| 分册: | ||
| 出版信息: | 北京 中国建筑工业出版社 2014 |
|
| 页数: | 279页 | |
| 开本: | 26cm | |
| 丛书名: | ||
| 单 册: | ||
| 中图分类: | TU723.3 | |
| 科图分类: | ||
| 主题词: | 智能化建筑--自动化系统--施工管理--高等职业教育--教材 , 智能化建筑 , 智能化建筑--自动化系统--工程造价--高等职业教育--教材 , 工程造价 , 施工管理 , 自动化系统 | |
| 电子资源: | ||
| ISBN: | 978-7-112-16212-3 | |
| 000 | 01317nam0 2200313 450 | |
| 001 | 140032 | |
| 005 | 20140915091037.79 | |
| 010 | @a978-7-112-16212-3@dCNY 35.00 | |
| 100 | @a20140613d2014 em y0chiy50 ea | |
| 101 | 0 | @achi |
| 102 | @aCN@b110000 | |
| 105 | @aa z 000yy | |
| 200 | 1 | @a楼宇智能化工程造价与施工管理@Alou yu zhi neng hua gong cheng zao jia yu shi gong guan li@b专著@f颜凌云,刘渊主编 |
| 210 | @a北京@c中国建筑工业出版社@d2014 | |
| 215 | @a279页@c图@d26cm | |
| 300 | @a全国高职高专教育土建类专业教学指导委员会规划推荐教材 楼宇智能化工程技术专业适用 | |
| 304 | @a本教材编审委员会组织编写 | |
| 330 | @a本书对工程造价原理、工程定额基本知识及安装工程定额的组成及应用、工程定额消耗的组成与计算、工程单价的组成与计算进行了分析阐述,对楼宇智能化工程计价方法结合当前最新规范及实际做法进行分析介绍,并对楼宇智能化施工的特点,在资源、成本、质量、进度、施工组织设计等方面进行了阐述。 | |
| 606 | 0 | @a智能化建筑@x自动化系统@x施工管理@x高等职业教育@j教材 |
| 606 | 0 | @a智能化建筑 |
| 606 | 0 | @a智能化建筑@x自动化系统@x工程造价@x高等职业教育@j教材 |
| 606 | 0 | @a工程造价 |
| 606 | 0 | @a施工管理 |
| 606 | 0 | @a自动化系统 |
| 690 | @aTU723.3@v5 | |
| 701 | 0 | @a刘渊@Aliu yuan@c(经济管理)@4主编 |
| 701 | 0 | @a颜凌云@Ayan ling yun@f(1961 )@4主编 |
| 801 | 0 | @c20140915 |
| 905 | @a241430@dTU723.3@eY106 | |
| 楼宇智能化工程造价与施工管理/颜凌云,刘渊主编.-北京:中国建筑工业出版社,2014 |
| 279页:图;26cm |
| 全国高职高专教育土建类专业教学指导委员会规划推荐教材 楼宇智能化工程技术专业适用 |
| ISBN 978-7-112-16212-3:CNY 35.00 |
| 本书对工程造价原理、工程定额基本知识及安装工程定额的组成及应用、工程定额消耗的组成与计算、工程单价的组成与计算进行了分析阐述,对楼宇智能化工程计价方法结合当前最新规范及实际做法进行分析介绍,并对楼宇智能化施工的特点,在资源、成本、质量、进度、施工组织设计等方面进行了阐述。 |
| ● |
| 相关链接 |
|
|
|
正题名:楼宇智能化工程造价与施工管理
索取号:TU723.3/Y106
 
预约/预借
| 序号 | 登录号 | 条形码 | 馆藏地/架位号 | 状态 | 备注 |
| 1 | 0833019 | 208330199 | 建筑库201/201建筑库 38排2列3层/ [索取号:TU723.3/Y106] | 在馆 | |
| 2 | 0833020 | 208330206 | 建筑库201/201建筑库 38排2列3层/ [索取号:TU723.3/Y106] | 在馆 | |
| 3 | 0833021 | 208330215 | 建筑库201/201建筑库 38排2列3层/ [索取号:TU723.3/Y106] | 在馆 |